|
|
|
|
| LEADER |
00000nbm0a2200000 4500 |
| 001 |
126253 |
| 005 |
20231031131808.0 |
| 035 |
|
|
|a (RuTPU)RU\TPU\book\136587
|
| 090 |
|
|
|a 126253
|
| 100 |
|
|
|a 20071126d1974 k y0rusy50 ca
|
| 101 |
0 |
|
|a rus
|
| 102 |
|
|
|a RU
|
| 105 |
|
|
|a a m 001zy
|
| 200 |
1 |
|
|a Вопросы надежности, ущерба и управления системами электроэнергетики заводов синтетического каучука
|e Диссертация на соискание ученой степени кандидата технических наук
|f А. И. Сюсюкин
|g Томский политехнический институт; науч. рук. И. Д. Кутявин; науч. рук. В. И. Старостин
|
| 210 |
|
|
|a Томск
|c [Б. и.]
|d 1974
|
| 215 |
|
|
|a 138 л.
|c ил.
|
| 320 |
|
|
|a Библиогр.: с. 129-138 (91 назв.)
|
| 610 |
1 |
|
|a заводы
|
| 610 |
1 |
|
|a синтетический каучук
|
| 610 |
1 |
|
|a технологическое производство
|
| 610 |
1 |
|
|a системы электроснабжения
|
| 610 |
1 |
|
|a надежность
|
| 610 |
1 |
|
|a электроприемники
|
| 610 |
1 |
|
|a ущерб
|
| 610 |
1 |
|
|a отключения
|
| 610 |
1 |
|
|a аварии
|
| 610 |
1 |
|
|a питание
|
| 610 |
1 |
|
|a резервирование
|
| 610 |
1 |
|
|a диссертации
|
| 610 |
1 |
|
|a схемы
|
| 675 |
|
|
|a 678.7(048)
|v 3
|
| 675 |
|
|
|a 621.34.1(048)
|v 3
|
| 700 |
|
1 |
|a Сюсюкин
|b А. И.
|
| 702 |
|
1 |
|a Кутявин
|b И. Д.
|4 727
|
| 702 |
|
1 |
|a Старостин
|b В. И.
|4 727
|
| 712 |
0 |
2 |
|a Томский политехнический институт
|z 1944-1991
|2 stltpush
|3 (RuTPU)RU\TPU\col\1123
|
| 801 |
|
1 |
|a RU
|b 63413507
|c 20071126
|g PSBO
|
| 801 |
|
2 |
|a RU
|b 63413507
|c 20160906
|g PSBO
|
| 942 |
|
|
|c BK
|